[Event "IBCA Wch blind 14th"]
[Site "Cagliari"]
[Date "2019.04.14"]
[Round "9"]
[White "Riegler, Dieter"]
[Black "Holmela, Kari"]
[Result "1-0"]
[WhiteElo "1956"]
[BlackElo "1840"]
[PlyCount "49"]
[EventDate "2019.04.06"]
[EventType "swiss"]
[EventRounds "9"]
[EventCountry "ITA"]
[SourceTitle "CBM 189 Extra"]
[Source "ChessBase"]
[SourceDate "2019.06.03"]
[SourceVersion "1"]
[SourceVersionDate "2019.06.03"]
[SourceQuality "1"]

1. d4 Nf6 2. c4 g6 3. Nc3 Bg7 4. e4 d6 5. Nf3 0-0 6. h3 e5 7. d5 Nh5 8. g3 f5 9. exf5 gxf5 10. Nh4 Qe8 11. Be2 Nf6 12. Qc2 Na6 13. Be3 b6 14. 0-0-0 Nc5 15. Bxc5 bxc5 16. g4 f4 17. Bd3 e4 18. Bxe4 Nxe4 19. Nxe4 Bd7 20. Nf3 Ba4 21. b3 Bd7 22. Rde1 Qb8 23. Neg5 Bf5 24. gxf5 Qb4 25. f6 1-0

[Event "IBCA Wch blind 14th"]
[Site "Cagliari"]
[Date "2019.04.08"]
[Round "3"]
[White "Riegler, Dieter"]
[Black "Kaliner, Arik"]
[Result "1/2-1/2"]
[WhiteElo "1956"]
[BlackElo "1644"]
[PlyCount "84"]
[EventDate "2019.04.06"]
[EventType "swiss"]
[EventRounds "9"]
[EventCountry "ITA"]
[SourceTitle "CBM 189 Extra"]
[Source "ChessBase"]
[SourceDate "2019.06.03"]
[SourceVersion "1"]
[SourceVersionDate "2019.06.03"]
[SourceQuality "1"]

1. d4 Nf6 2. c4 e5 3. dxe5 Ng4 4. e3 Nxe5 5. Nh3 Bb4+ 6. Bd2 Bxd2+ 7. Qxd2 d6 8. Nf4 Bf5 9. Nc3 0-0 10. Be2 Nbd7 11. 0-0 Nc5 12. b4 Ne6 13. Nh5 Bg4 14. Ng3 Bxe2 15. Qxe2 Qh4 16. Nge4 f5 17. g3 Qh6 18. Nd2 g5 19. f4 gxf4 20. gxf4 Ng4 21. Kh1 Rae8 22. Qg2 Kh8 23. Rf3 Rg8 24. Rg3 Nxe3 25. Qf2 Rxg3 26. Qxg3 Qxf4 27. Nd5 Qxg3 28. hxg3 Nxd5 29. cxd5 Nd4 30. Rd1 Re2 31. Nf1 Nf3 32. Rd3 Rf2 33. Rd1 Rxa2 34. Rc1 Rb2 35. Rxc7 Rxb4 36. Re7 Rd4 37. Rxb7 a5 38. Rf7 Rxd5 39. Kg2 Nd2 40. Nxd2 Rxd2+ 41. Kf3 Rd5 42. Ra7 Kg8 1/2-1/2

[Event "IBCA Wch blind 14th"]
[Site "Cagliari"]
[Date "2019.04.07"]
[Round "2"]
[White "Stachanczyk, Jacek"]
[Black "Riegler, Dieter"]
[Result "1-0"]
[WhiteElo "2163"]
[BlackElo "1956"]
[PlyCount "47"]
[EventDate "2019.04.06"]
[EventType "swiss"]
[EventRounds "9"]
[EventCountry "ITA"]
[SourceTitle "CBM 189 Extra"]
[Source "ChessBase"]
[SourceDate "2019.06.03"]
[SourceVersion "1"]
[SourceVersionDate "2019.06.03"]
[SourceQuality "1"]

1. e4 c5 2. Nf3 d6 3. d4 cxd4 4. Nxd4 Nf6 5. Nc3 Nc6 6. Bg5 e6 7. Qd2 a6 8. 0-0-0 Bd7 9. f4 b5 10. Bxf6 gxf6 11. Kb1 Qb6 12. Nxc6 Bxc6 13. f5 b4 14. Ne2 e5 15. Ng3 Qc5 16. b3 a5 17. Nh5 Ke7 18. Bc4 Rg8 19. Qe2 Bh6 20. Rd3 a4 21. Nxf6 Rgf8 22. Qh5 axb3 23. Bxb3 Be3 24. Qh4 1-0

[Event "Leipzig DSAM Cup"]
[Site "Leipzig"]
[Date "2018.05.31"]
[Round "1"]
[White "Woll, Wilfried"]
[Black "Riegler, Dieter"]
[Result "1-0"]
[WhiteElo "1998"]
[BlackElo "1975"]
[PlyCount "85"]
[EventDate "2018.05.31"]
[EventType "swiss"]
[EventRounds "5"]
[EventCountry "GER"]
[SourceTitle "EXT 2019"]
[Source "ChessBase"]
[SourceDate "2018.10.10"]
[SourceVersion "1"]
[SourceVersionDate "2018.10.10"]
[SourceQuality "1"]

1. c4 g6 2. Nc3 Bg7 3. g3 c5 4. Bg2 Nc6 5. e4 d6 6. Nge2 e6 7. d3 Nge7 8. Be3 Nd4 9. Qd2 Rb8 10. 0-0 a6 11. Bh6 0-0 12. Nxd4 cxd4 13. Bxg7 Kxg7 14. Ne2 e5 15. f4 f5 16. Kh1 b6 17. Rf2 Bb7 18. Re1 Qc7 19. b3 Rbe8 20. Ng1 Nc6 21. Nf3 a5 22. a3 Re7 23. Nh4 Bc8 24. Kg1 fxe4 25. Bxe4 Ref7 26. Ref1 Bh3 27. Bg2 Bxg2 28. Kxg2 Ne7 29. fxe5 Rxf2+ 30. Rxf2 Rxf2+ 31. Kxf2 dxe5 32. Qg5 Qd6 33. Nf3 Nf5 34. Qc1 Ne3 35. Ke2 Qe6 36. b4 axb4 37. axb4 Qh3 38. Qg1 Qe6 39. Qa1 Qh3 40. Qa7+ Kf8 41. Qb8+ Kg7 42. Qxe5+ Kh6 43. Qf4+ 1-0

[Event "Bad Woerishofen op 34th"]
[Site "Bad Woerishofen"]
[Date "2018.02.23"]
[Round "1"]
[White "Riegler, Dieter"]
[Black "Arndt, Stefan"]
[Result "1/2-1/2"]
[WhiteElo "1999"]
[BlackElo "2164"]
[PlyCount "35"]
[EventDate "2018.02.23"]
[EventType "swiss"]
[EventRounds "9"]
[EventCountry "GER"]
[SourceTitle "CBM 183 Extra"]
[Source "ChessBase"]
[SourceDate "2018.04.19"]
[SourceVersion "1"]
[SourceVersionDate "2018.04.19"]
[SourceQuality "1"]

1. d4 Nf6 2. c4 e6 3. Nf3 d5 4. g3 Bb4+ 5. Nbd2 0-0 6. Bg2 c6 7. 0-0 Nbd7 8. a3 Bd6 9. Qc2 Qe7 10. e4 dxe4 11. Nxe4 Nxe4 12. Qxe4 e5 13. dxe5 Nxe5 14. Nxe5 Qxe5 15. Qc2 Bf5 16. Qb3 Qe7 17. Bd2 Qc7 18. Bb4 1/2-1/2

[Event "GER-chT Seniors 26th"]
[Site "Templin"]
[Date "2017.10.01"]
[Round "7.1"]
[White "Riegler, Dieter"]
[Black "Urytskyy, Arkadiy"]
[Result "1/2-1/2"]
[WhiteElo "2013"]
[BlackElo "2176"]
[PlyCount "47"]
[EventDate "2017.09.25"]
[EventType "team-swiss"]
[EventRounds "7"]
[EventCountry "GER"]
[SourceTitle "EXT 2019"]
[Source "ChessBase"]
[SourceDate "2018.10.10"]
[SourceVersion "1"]
[SourceVersionDate "2018.10.10"]
[SourceQuality "1"]
[WhiteTeam "Blindenschachbund"]
[BlackTeam "Bayern II"]
[WhiteTeamCountry "GER"]
[BlackTeamCountry "GER"]

1. d4 Nf6 2. c4 g6 3. Nc3 d5 4. Nf3 Bg7 5. Qb3 dxc4 6. Qxc4 0-0 7. e4 c6 8. Be2 Na6 9. 0-0 Be6 10. Qa4 Nc7 11. Rd1 a5 12. Qc2 b5 13. a4 Na6 14. axb5 Nb4 15. Qa4 cxb5 16. Bxb5 Nd7 17. Ng5 Bg4 18. Be2 Nb6 19. Qb3 Bd7 20. Be3 h6 21. Nf3 Qb8 22. Bb5 Bxb5 23. Nxb5 N6d5 24. Na3 1/2-1/2

[Event "GER-chT Seniors 26th"]
[Site "Templin"]
[Date "2017.09.27"]
[Round "3.1"]
[White "Esswein, Karlheinz"]
[Black "Riegler, Dieter"]
[Result "1/2-1/2"]
[WhiteElo "2092"]
[BlackElo "2013"]
[PlyCount "40"]
[EventDate "2017.09.25"]
[EventType "team-swiss"]
[EventRounds "7"]
[EventCountry "GER"]
[SourceTitle "EXT 2019"]
[Source "ChessBase"]
[SourceDate "2018.10.10"]
[SourceVersion "1"]
[SourceVersionDate "2018.10.10"]
[SourceQuality "1"]
[WhiteTeam "Rheinland Pfalz II"]
[BlackTeam "Blindenschachbund"]
[WhiteTeamCountry "GER"]
[BlackTeamCountry "GER"]

1. c4 g6 2. g3 Bg7 3. Bg2 c5 4. Nc3 Nc6 5. Nf3 d6 6. 0-0 e6 7. e3 Nge7 8. d4 0-0 9. Rb1 e5 10. dxe5 dxe5 11. Ne4 Qb6 12. b3 Bf5 13. Nh4 Rad8 14. Qe2 Bc8 15. Nc3 a6 16. Bb2 Qc7 17. Rbd1 Rxd1 18. Rxd1 Rd8 19. Rxd8+ Qxd8 20. Nf3 Bf5 1/2-1/2

[Event "IBCA-ol blind 15th"]
[Site "Ohrid"]
[Date "2017.06.20"]
[Round "2.4"]
[White "Riegler, Dieter"]
[Black "Strete, Ciprian Iulian"]
[Result "1-0"]
[WhiteElo "2015"]
[BlackElo "1773"]
[PlyCount "105"]
[EventDate "2017.06.19"]
[EventType "team-swiss"]
[EventRounds "9"]
[EventCountry "MKD"]
[SourceTitle "CBM 179 Extra"]
[Source "ChessBase"]
[SourceDate "2017.08.23"]
[SourceVersion "1"]
[SourceVersionDate "2017.08.23"]
[SourceQuality "1"]
[WhiteTeam "Germany"]
[BlackTeam "Romania"]
[WhiteTeamCountry "GER"]
[BlackTeamCountry "ROU"]

1. d4 f5 2. Bg5 h6 3. Bh4 Nf6 4. Bxf6 exf6 5. e4 Qe7 6. Qh5+ Kd8 7. Nc3 c6 8. Qxf5 d5 9. Qf3 h5 10. Nge2 Bg4 11. Qe3 dxe4 12. Qxe4 Na6 13. 0-0-0 Kc7 14. f3 Be6 15. Nf4 Bf7 16. Bd3 Rd8 17. a3 Qd7 18. Ng6 Bxg6 19. Qxg6 Qxd4 20. Bxa6 Qe3+ 21. Kb1 Rxd1+ 22. Rxd1 bxa6 23. Qf7+ Qe7 24. Qc4 Kb7 25. Ne4 Qc7 26. Rd3 a5 27. Rb3+ Ka8 28. Rc3 Kb7 29. Qe6 Be7 30. Rb3+ Ka8 31. Qf7 Bd8 32. Qe6 Be7 33. Qf7 Bd8 34. Qg6 h4 35. Nc5 Qe7 36. Na6 Bc7 37. Qe4 Qd7 38. Rd3 Bd6 39. Nc5 Qc7 40. Ne6 Qd7 41. Nxg7 Rc8 42. Nf5 Re8 43. Rxd6 Rxe4 44. Rxd7 Rf4 45. Nd6 a6 46. h3 Kb8 47. Rf7 Rd4 48. Rxf6 Rd1+ 49. Ka2 Rd2 50. Rg6 Rxc2 51. Ne4 a4 52. Rg7 c5 53. Nc3 1-0

[Event "GER-chT Seniors 25th"]
[Site "Magdeburg"]
[Date "2016.10.14"]
[Round "6.1"]
[White "Ruemmler, Roland"]
[Black "Riegler, Dieter"]
[Result "0-1"]
[WhiteElo "1967"]
[BlackElo "2028"]
[PlyCount "92"]
[EventDate "2016.10.09"]
[EventType "team-swiss"]
[EventRounds "7"]
[EventCountry "GER"]
[SourceTitle "EXT 2019"]
[Source "ChessBase"]
[SourceDate "2018.10.10"]
[SourceVersion "1"]
[SourceVersionDate "2018.10.10"]
[SourceQuality "1"]
[WhiteTeam "Sachsen Anhalt III"]
[BlackTeam "Deutscher Blindenschachbund"]
[WhiteTeamCountry "GER"]
[BlackTeamCountry "GER"]

1. d4 Nf6 2. Nc3 d5 3. Bg5 Nbd7 4. Nf3 c6 5. e3 g6 6. Be2 Bg7 7. 0-0 h6 8. Bf4 g5 9. Bg3 Nh5 10. Ne1 Nxg3 11. fxg3 0-0 12. Nd3 e5 13. dxe5 Nxe5 14. Nxe5 Bxe5 15. Qd3 Be6 16. Kh1 Qb6 17. Rab1 Rae8 18. Nd1 Bg7 19. g4 Qc7 20. b4 Be5 21. g3 b5 22. a4 a6 23. c3 Qd7 24. axb5 axb5 25. Nf2 Bg7 26. Rbd1 Qe7 27. Rde1 Ra8 28. Nd1 Qd7 29. Nf2 Ra3 30. Rc1 f5 31. h3 Be5 32. Kg2 Qg7 33. Nd1 fxg4 34. Bxg4 Bxg4 35. Rxf8+ Qxf8 36. hxg4 Qf6 37. Rc2 Qe6 38. Rf2 Ra7 39. Qf5 Qxf5 40. gxf5 Ra3 41. Rc2 h5 42. Kh3 Ra1 43. Rd2 Rc1 44. Rd3 Rc2 45. e4 dxe4 46. Re3 Bf6 0-1

[Event "GER-chT Seniors 25th"]
[Site "Magdeburg"]
[Date "2016.10.09"]
[Round "1.1"]
[White "Riegler, Dieter"]
[Black "Hanisch, Friedrich"]
[Result "1/2-1/2"]
[WhiteElo "2028"]
[BlackElo "2155"]
[PlyCount "46"]
[EventDate "2016.10.09"]
[EventType "team-swiss"]
[EventRounds "7"]
[EventCountry "GER"]
[SourceTitle "EXT 2019"]
[Source "ChessBase"]
[SourceDate "2018.10.10"]
[SourceVersion "1"]
[SourceVersionDate "2018.10.10"]
[SourceQuality "1"]
[WhiteTeam "Deutscher Blindenschachbund"]
[BlackTeam "Bayern II"]
[WhiteTeamCountry "GER"]
[BlackTeamCountry "GER"]

1. d4 d5 2. c4 c6 3. Nf3 Nf6 4. Qc2 g6 5. Bf4 Bf5 6. Qb3 Qb6 7. e3 e6 8. Nc3 Nbd7 9. h3 h5 10. c5 Qxb3 11. axb3 a6 12. b4 Rc8 13. Be2 Ne4 14. Nd2 g5 15. Bh2 Nxd2 16. Kxd2 Bg7 17. g4 hxg4 18. hxg4 Bg6 19. Bd3 Bxd3 20. Kxd3 f6 21. Bd6 Kf7 22. Ne2 Rxh1 23. Rxh1 Rh8 1/2-1/2

[Event "Pyramiden Franken Cup"]
[Site "Fuerth"]
[Date "2016.09.03"]
[Round "4"]
[White "Riegler, Dieter"]
[Black "Pfadenhauer, Johannes"]
[Result "0-1"]
[WhiteElo "2054"]
[BlackElo "2061"]
[PlyCount "90"]
[EventDate "2016.09.01"]
[EventType "swiss"]
[EventRounds "7"]
[EventCountry "GER"]
[SourceTitle "CBM 174 Extra"]
[Source "ChessBase"]
[SourceDate "2016.10.10"]
[SourceVersion "1"]
[SourceVersionDate "2016.10.10"]
[SourceQuality "1"]

1. d4 Nf6 2. c4 g6 3. Nc3 Bg7 4. e4 d6 5. h3 0-0 6. Nf3 c5 7. d5 b5 8. cxb5 a6 9. a4 e6 10. Be2 axb5 11. Bxb5 Na6 12. dxe6 Bxe6 13. 0-0 Nc7 14. Bc6 Ra6 15. Bd5 Bxd5 16. exd5 Qa8 17. Ra3 Rb8 18. Re1 Rb4 19. Qe2 Nfxd5 20. Nxd5 Qxd5 21. Rd3 Qc6 22. b3 Rab6 23. Ng5 Rb8 24. Qe7 Qe8 25. Qxe8+ Nxe8 26. Bd2 Rd4 27. Rxd4 Bxd4 28. Nf3 Bf6 29. Bf4 Kf8 30. Re3 Rb4 31. Bh6+ Bg7 32. Bxg7+ Nxg7 33. Rd3 Ke7 34. Nd2 Ne6 35. a5 Kd7 36. g4 Kc6 37. Rf3 Rf4 38. Kg2 d5 39. Rxf4 Nxf4+ 40. Kg3 g5 41. h4 h6 42. hxg5 hxg5 43. Kf3 Kb5 44. Ke3 Kxa5 45. Nf3 f6 0-1

[Event "Pyramiden Franken Cup"]
[Site "Fuerth"]
[Date "2016.09.02"]
[Round "2"]
[White "Riegler, Dieter"]
[Black "Cofman, Veaceslav"]
[Result "0-1"]
[WhiteElo "2054"]
[BlackElo "2145"]
[PlyCount "66"]
[EventDate "2016.09.01"]
[EventType "swiss"]
[EventRounds "7"]
[EventCountry "GER"]
[SourceTitle "CBM 174 Extra"]
[Source "ChessBase"]
[SourceDate "2016.10.10"]
[SourceVersion "1"]
[SourceVersionDate "2016.10.10"]
[SourceQuality "1"]

1. d4 d5 2. c4 Nc6 3. Nc3 Nf6 4. Nf3 e6 5. Bg5 Be7 6. e3 Ne4 7. Bxe7 Qxe7 8. cxd5 Nxc3 9. bxc3 exd5 10. Bd3 0-0 11. Qb3 Rd8 12. 0-0 Rb8 13. Rae1 Qf6 14. e4 Be6 15. e5 Qf4 16. Qc2 Qh6 17. Nd2 g6 18. f4 Ne7 19. Re3 b6 20. Qd1 c5 21. g4 Nc6 22. Rg3 cxd4 23. Bb5 dxc3 24. Bxc6 cxd2 25. Qxd2 Qf8 26. Ba4 f5 27. Bc2 Rbc8 28. Bb1 Kh8 29. g5 Rc7 30. h4 Rdc8 31. Rd1 Rc4 32. h5 Qb4 33. hxg6 Qxd2 0-1

[Event "GER-ch 86th"]
[Site "Saarbruecken"]
[Date "2015.12.07"]
[Round "5"]
[White "Liedtke, Matthias"]
[Black "Riegler, Dieter"]
[Result "1-0"]
[WhiteElo "2286"]
[BlackElo "2075"]
[PlyCount "81"]
[EventDate "2015.12.03"]
[EventType "swiss"]
[EventRounds "9"]
[EventCountry "GER"]
[SourceTitle "CBM 169 Extra"]
[Source "ChessBase"]
[SourceDate "2015.12.18"]
[SourceVersion "1"]
[SourceVersionDate "2015.12.18"]
[SourceQuality "1"]

1. e4 c5 2. Nc3 Nc6 3. g3 g6 4. Bg2 Bg7 5. d3 d6 6. Nh3 e6 7. 0-0 Nge7 8. Be3 Rb8 9. Qd2 h6 10. a3 Qd7 11. Kh1 b6 12. f4 f5 13. Bg1 0-0 14. Rae1 Bb7 15. Nf2 Rbe8 16. Ne2 Nd4 17. c3 Nxe2 18. Rxe2 d5 19. Rfe1 dxe4 20. dxe4 Qc7 21. Qc2 Kh7 22. h3 Bc6 23. Bh2 Bf6 24. Qb3 Ng8 25. Bg1 Re7 26. Qc4 Rd8 27. exf5 Bxg2+ 28. Kxg2 Qc6+ 29. Qe4 Qxe4+ 30. Nxe4 gxf5 31. Nd2 Kg7 32. a4 Kf7 33. a5 Rd6 34. Nc4 Rc6 35. Rd1 Kg6 36. Rd8 Rg7 37. axb6 axb6 38. Rb8 Ne7 39. Rxb6 Rxb6 40. Nxb6 Kf7 41. Bxc5 1-0

[Event "GER-ch 86th"]
[Site "Saarbruecken"]
[Date "2015.12.04"]
[Round "2"]
[White "Hirneise, Jens"]
[Black "Riegler, Dieter"]
[Result "1-0"]
[WhiteElo "2266"]
[BlackElo "2075"]
[PlyCount "57"]
[EventDate "2015.12.03"]
[EventType "swiss"]
[EventRounds "9"]
[EventCountry "GER"]
[SourceTitle "CBM 169 Extra"]
[Source "ChessBase"]
[SourceDate "2015.12.18"]
[SourceVersion "1"]
[SourceVersionDate "2015.12.18"]
[SourceQuality "1"]

1. e4 c5 2. Nf3 d6 3. d4 cxd4 4. Nxd4 Nf6 5. Nc3 Nc6 6. Bg5 e6 7. Qd2 a6 8. 0-0-0 Bd7 9. f4 b5 10. Bxf6 gxf6 11. Kb1 Qb6 12. Nxc6 Bxc6 13. Qe1 Ra7 14. Bd3 Qc5 15. Qh4 Be7 16. f5 b4 17. Ne2 e5 18. c4 Qe3 19. Rhf1 h5 20. Rf3 Qg5 21. Qf2 Rb7 22. Rg3 Qh6 23. Nc1 Qf8 24. Nb3 Ba4 25. c5 Bxb3 26. axb3 dxc5 27. Bxa6 Rb6 28. Rgd3 Qh6 29. Qxc5 1-0

[Event "GER-chT Seniors 24th"]
[Site "Berlin"]
[Date "2015.09.06"]
[Round "1.1"]
[White "Riegler, Dieter"]
[Black "Engelbert, Christoph"]
[Result "1/2-1/2"]
[WhiteElo "2096"]
[BlackElo "2206"]
[PlyCount "53"]
[EventDate "2015.09.06"]
[EventType "team-swiss"]
[EventRounds "7"]
[EventCountry "GER"]
[SourceTitle "EXT 2018"]
[Source "ChessBase"]
[SourceDate "2017.10.13"]
[SourceVersion "1"]
[SourceVersionDate "2017.10.13"]
[SourceQuality "1"]
[WhiteTeam "Sachsen Anhalt II"]
[BlackTeam "Berlin II"]
[WhiteTeamCountry "GER"]
[BlackTeamCountry "GER"]

1. d4 g6 2. c4 Bg7 3. Nc3 d6 4. e4 e5 5. Nf3 exd4 6. Nxd4 Nc6 7. Be3 Nge7 8. h4 0-0 9. h5 Qe8 10. Be2 f5 11. hxg6 Qxg6 12. Qd2 f4 13. Nxc6 bxc6 14. Bxf4 Bxc3 15. bxc3 Qxe4 16. Be3 Nf5 17. Bd3 Qe7 18. 0-0-0 d5 19. Kb1 dxc4 20. Bxc4+ Be6 21. Bg5 Qf7 22. Bxe6 Qxe6 23. Rde1 Qg6 24. Ka1 Rae8 25. g4 Nd6 26. Bh6 Rxe1+ 27. Qxe1 1/2-1/2

[Event "IBCA EU-ch blind 06th"]
[Site "Lyon"]
[Date "2015.07.27"]
[Round "3"]
[White "Mueller, Oliver"]
[Black "Riegler, Dieter"]
[Result "1-0"]
[WhiteElo "2269"]
[BlackElo "2095"]
[PlyCount "57"]
[EventDate "2015.07.25"]
[EventType "swiss"]
[EventRounds "9"]
[EventCountry "FRA"]
[SourceTitle "CBM 167 Extra"]
[Source "ChessBase"]
[SourceDate "2015.09.14"]
[SourceVersion "1"]
[SourceVersionDate "2015.09.14"]
[SourceQuality "1"]

1. d4 Nf6 2. c4 g6 3. g3 Bg7 4. Bg2 0-0 5. Nc3 d6 6. Nf3 Nc6 7. 0-0 Rb8 8. h3 a6 9. e4 b5 10. e5 Nd7 11. cxb5 axb5 12. Ng5 b4 13. Ne2 Rb6 14. e6 Nf6 15. exf7+ Kh8 16. Nf4 Nxd4 17. Qxd4 e5 18. Nxg6+ hxg6 19. Qh4+ Nh5 20. g4 Bf6 21. gxh5 Kg7 22. hxg6 Rh8 23. Qg3 Rh5 24. Nh7 Bh4 25. Qf3 Rf5 26. Qe3 Kxg6 27. f8Q Rxf8 28. Qh6+ Kf7 29. Bd5+ 1-0

[Event "Dresden ZMD op 23rd"]
[Site "Dresden"]
[Date "2014.08.21"]
[Round "7"]
[White "Riegler, Dieter"]
[Black "Oehl, Tim"]
[Result "0-1"]
[WhiteElo "2085"]
[BlackElo "2120"]
[PlyCount "96"]
[EventDate "2014.08.15"]
[EventType "swiss"]
[EventRounds "9"]
[EventCountry "GER"]
[SourceTitle "CBM 161 Extra"]
[Source "ChessBase"]
[SourceDate "2014.08.29"]
[SourceVersion "1"]
[SourceVersionDate "2014.08.29"]
[SourceQuality "1"]

1. d4 e6 2. c4 f5 3. Nc3 Bb4 4. Qc2 Nf6 5. e3 b6 6. Bd3 Bb7 7. f3 Nh5 8. Nh3 Qh4+ 9. Nf2 0-0 10. a3 Bxc3+ 11. Qxc3 Qg5 12. Kf1 d6 13. e4 Qe7 14. exf5 exf5 15. Bd2 Nc6 16. d5 Ne5 17. Be2 f4 18. Nd3 Ng6 19. Nf2 Rae8 20. Bd3 Ne5 21. Re1 Qh4 22. Be4 Bc8 23. Qc2 g6 24. b3 Bf5 25. Qc1 Bxe4 26. Rxe4 Nd3 27. g3 Nxc1 28. gxh4 Nxb3 29. Bc3 Nc5 30. Re1 Rxe1+ 31. Bxe1 Ng7 32. Bc3 Nf5 33. Ng4 Ne3+ 34. Nxe3 fxe3 35. Ke2 Rf4 36. h5 Rxc4 37. Bf6 Kf7 38. Bg5 Rc2+ 39. Kxe3 Rc3+ 40. Kf4 Nd3+ 41. Kg3 Rxa3 42. hxg6+ Kxg6 43. Be7 Rc3 44. Rg1 Ne5 45. Rf1 Kf5 46. Bf8 a5 47. Bg7 a4 48. Kh4 Rxf3 0-1

[Event "Dresden ZMD op 23rd"]
[Site "Dresden"]
[Date "2014.08.15"]
[Round "1"]
[White "Riegler, Dieter"]
[Black "Pirrot, Dieter"]
[Result "0-1"]
[WhiteElo "2085"]
[BlackElo "2389"]
[PlyCount "70"]
[EventDate "2014.08.15"]
[EventType "swiss"]
[EventRounds "9"]
[EventCountry "GER"]
[SourceTitle "CBM 161 Extra"]
[Source "ChessBase"]
[SourceDate "2014.08.29"]
[SourceVersion "1"]
[SourceVersionDate "2014.08.29"]
[SourceQuality "1"]

1. d4 Nf6 2. c4 g6 3. Nc3 Bg7 4. e4 d6 5. Nf3 0-0 6. h3 Na6 7. Be3 e5 8. d5 Nh5 9. g3 Qe8 10. Be2 f5 11. exf5 gxf5 12. Ng5 Nf6 13. g4 f4 14. Bd2 Qg6 15. Ne6 Bxe6 16. dxe6 Nb4 17. Rc1 Rae8 18. a3 Nd3+ 19. Bxd3 Qxd3 20. Qe2 Qg6 21. Nd5 f3 22. Qe3 Nxd5 23. cxd5 Rf4 24. Qb3 Rd4 25. Be3 Rd3 26. Rc3 Rxc3 27. Qxc3 Qb1+ 28. Bc1 Qe4+ 29. Be3 c6 30. 0-0 Qxd5 31. Bxa7 e4 32. Qc2 Qxe6 33. Be3 d5 34. Re1 Qf6 35. b4 Qh4 0-1

[Event "IBCA Wch blind 13th"]
[Site "Katerini"]
[Date "2014.05.13"]
[Round "8"]
[White "Meshkov, Yuri A"]
[Black "Riegler, Dieter"]
[Result "1-0"]
[WhiteElo "2350"]
[BlackElo "2071"]
[PlyCount "79"]
[EventDate "2014.05.05"]
[EventType "swiss"]
[EventRounds "9"]
[EventCountry "GRE"]
[SourceTitle "CBM 160 Extra"]
[Source "ChessBase"]
[SourceDate "2014.07.01"]
[SourceVersion "1"]
[SourceVersionDate "2014.07.01"]
[SourceQuality "1"]

1. d4 Nf6 2. Nf3 g6 3. Bg5 Bg7 4. e3 d6 5. Nbd2 Nbd7 6. c3 h6 7. Bh4 c5 8. Bc4 b6 9. a4 a6 10. b4 0-0 11. Qb3 Qc7 12. 0-0 Bb7 13. bxc5 bxc5 14. a5 g5 15. Bg3 Nh5 16. Rfb1 Rab8 17. Qa2 Nxg3 18. hxg3 e6 19. Rb2 Bxf3 20. gxf3 Qa7 21. Rxb8 Rxb8 22. Bxe6 fxe6 23. Qxe6+ Kh8 24. Qxd6 cxd4 25. cxd4 Nf6 26. Rc1 Ne8 27. Qe6 Qb7 28. Rb1 Qc8 29. Qxc8 Rxc8 30. Rb6 Ra8 31. Ne4 Bf8 32. g4 Nc7 33. Nf6 Bg7 34. Nd7 Nd5 35. Re6 Rd8 36. Nc5 Nb4 37. Rb6 Nc2 38. Rxa6 Bxd4 39. Ne6 Rd7 40. Ra8+ 1-0

[Event "IBCA Wch blind 13th"]
[Site "Katerini"]
[Date "2014.05.09"]
[Round "5"]
[White "Riegler, Dieter"]
[Black "Aksu, Mumin"]
[Result "1-0"]
[WhiteElo "2071"]
[BlackElo "1865"]
[PlyCount "75"]
[EventDate "2014.05.05"]
[EventType "swiss"]
[EventRounds "9"]
[EventCountry "GRE"]
[SourceTitle "CBM 160 Extra"]
[Source "ChessBase"]
[SourceDate "2014.07.01"]
[SourceVersion "1"]
[SourceVersionDate "2014.07.01"]
[SourceQuality "1"]

1. d4 d5 2. c4 c6 3. Nf3 Nf6 4. Nc3 Nbd7 5. e3 e6 6. Qc2 Bb4 7. Bd3 Qe7 8. 0-0 0-0 9. Rd1 Re8 10. e4 Bxc3 11. bxc3 dxe4 12. Bxe4 Nxe4 13. Qxe4 Nf6 14. Qe2 h6 15. a4 Qc7 16. Rd3 Kh7 17. Ne5 Rh8 18. Rg3 Qe7 19. Qd3+ Kg8 20. a5 Nd7 21. Ng4 Qh4 22. Qf3 f5 23. Ne3 Nf6 24. Nf1 Ne4 25. Rh3 Qf6 26. Ng3 Nxg3 27. Rxg3 g5 28. h4 g4 29. Rxg4+ Kh7 30. Rg3 Bd7 31. Bf4 Rhg8 32. Rb1 b6 33. axb6 axb6 34. Rxb6 Ra7 35. Rb1 Qf7 36. Rxg8 Kxg8 37. Bxh6 Kh7 38. Bf4 1-0

[Event "IBCA Wch blind 13th"]
[Site "Katerini"]
[Date "2014.05.08"]
[Round "4"]
[White "Donmez, Unal"]
[Black "Riegler, Dieter"]
[Result "0-1"]
[WhiteElo "1905"]
[BlackElo "2071"]
[PlyCount "118"]
[EventDate "2014.05.05"]
[EventType "swiss"]
[EventRounds "9"]
[EventCountry "GRE"]
[SourceTitle "CBM 160 Extra"]
[Source "ChessBase"]
[SourceDate "2014.07.01"]
[SourceVersion "1"]
[SourceVersionDate "2014.07.01"]
[SourceQuality "1"]

1. d4 Nf6 2. c4 g6 3. Nf3 Bg7 4. g3 0-0 5. Bg2 d6 6. 0-0 Nc6 7. Nc3 Rb8 8. Qc2 Bg4 9. Rd1 Qc8 10. Rb1 Nd7 11. e3 Bf5 12. e4 Bg4 13. Be3 e5 14. d5 Nb4 15. Qa4 Na6 16. b4 Ra8 17. Rdc1 f5 18. Ng5 f4 19. Bd2 h6 20. h3 Nb6 21. Qb3 hxg5 22. hxg4 Qxg4 23. f3 Qd7 24. g4 Bf6 25. a4 Qh7 26. a5 Nd7 27. Be1 Kg7 28. Bf2 Be7 29. Kf1 Nf6 30. Ke2 Qg8 31. Na4 Qf7 32. c5 Rh8 33. Bf1 Rh2 34. Ke1 Rah8 35. Bxa6 bxa6 36. c6 R8h3 37. Nc3 Rg2 38. Qc4 Nxg4 39. fxg4 Rh1+ 40. Ke2 f3+ 41. Kd3 Rxc1 42. Rxc1 Rxf2 43. Nd1 Re2 44. Rc2 f2 45. Nxf2 Rxf2 46. Rxf2 Qxf2 47. Qc1 Qd4+ 48. Ke2 Qxe4+ 49. Qe3 Qxg4+ 50. Kd3 Qd4+ 51. Qxd4 exd4 52. Kxd4 g4 53. Kc4 g3 54. b5 axb5+ 55. Kxb5 g2 56. Ka6 g1Q 57. Kb7 Bd8 58. Kc8 Qc5 59. a6 Qb6 0-1

[Event "IBCA Wch blind 13th"]
[Site "Katerini"]
[Date "2014.05.06"]
[Round "2"]
[White "Pakhomov, Alexey"]
[Black "Riegler, Dieter"]
[Result "1-0"]
[WhiteElo "2364"]
[BlackElo "2071"]
[PlyCount "65"]
[EventDate "2014.05.05"]
[EventType "swiss"]
[EventRounds "9"]
[EventCountry "GRE"]
[SourceTitle "CBM 160 Extra"]
[Source "ChessBase"]
[SourceDate "2014.07.01"]
[SourceVersion "1"]
[SourceVersionDate "2014.07.01"]
[SourceQuality "1"]

1. d4 Nf6 2. Bg5 Ne4 3. Bf4 c5 4. f3 Qa5+ 5. c3 Nf6 6. Nd2 cxd4 7. Nb3 Qb6 8. Qxd4 Qxd4 9. cxd4 d6 10. e4 g6 11. Rc1 Nbd7 12. Be3 Bg7 13. Bd3 0-0 14. Ne2 a5 15. Kf2 Ne8 16. Nxa5 Rxa5 17. Rxc8 Rxa2 18. Rc2 Nef6 19. Nc3 Raa8 20. Nb5 Rfc8 21. Rhc1 Rxc2+ 22. Rxc2 Rb8 23. g4 h6 24. h4 Kf8 25. g5 hxg5 26. hxg5 Ne8 27. f4 Nb6 28. d5 Nd7 29. b4 e6 30. Nc7 exd5 31. Nxd5 Ra8 32. Bb5 Rd8 33. Nc7 1-0